PEDIATRIC EXAMINATION (Record no. 216314)

MARC details
000 -LEADER
fixed length control field 00496nam a22001697a 4500
008 - FIXED-LENGTH DATA ELEMENTS--GENERAL INFORMATION
fixed length control field 251201b |||||||| |||| 00| 0 eng d
020 ## - INTERNATIONAL STANDARD BOOK NUMBER
International Standard Book Number 978-93-86235-59-6
050 ## - LIBRARY OF CONGRESS CALL NUMBER
Classification number RJ 50 .S56 2018
100 ## - MAIN ENTRY--PERSONAL NAME
Personal name SINGH USHA RANI
245 ## - TITLE STATEMENT
Title PEDIATRIC EXAMINATION
Remainder of title A CLINICAL HANDBOOK
260 ## - PUBLICATION, DISTRIBUTION, ETC.
Place of publication, distribution, etc. INDIA
Name of publisher, distributor, etc. UNIVERSITIES PRESS
300 ## - PHYSICAL DESCRIPTION
Extent X,251
500 ## - GENERAL NOTE
General note INCLUDES AN INDEX
650 ## - SUBJECT ADDED ENTRY
Topical term or geographic name entry element Physical diagnosis-handbook manuals pediatrichandbook manuals
942 ## - ADDED ENTRY ELEMENTS (KOHA)
Source of classification or shelving scheme Library of Congress Classification
Koha item type Long Loan Book
Holdings
Withdrawn status Lost status Source of classification or shelving scheme Damaged status Not for loan Collection Home library Current library Shelving location Date acquired Inventory number Total checkouts Full call number Barcode Date last seen Date last checked out Copy number Price effective from Koha item type
    Library of Congress Classification     Medicine Kisii University Library Kisii University Library On Display 12/01/2025 110245 2 RJ 50 .S56 2018 000000018927 02/06/2026 01/22/2026 C.1 12/01/2025 Long Loan Book
    Library of Congress Classification     Medicine Kisii University Library Kisii University Library On Display 12/01/2025 110246 1 RJ 50 .S56 2018 000000016870 02/06/2026 01/22/2026 C.2 12/01/2025 Long Loan Book
    Library of Congress Classification     Medicine Kisii University Library Kisii University Library On Display 12/01/2025 110247   RJ 50 .S56 2018 000000016869 12/01/2025   C.3 12/01/2025 Long Loan Book
    Library of Congress Classification     Medicine Kisii University Library Kisii University Library On Display 12/01/2025 110248   RJ 50 .S56 2018 000000016868 12/01/2025   C.4 12/01/2025 Long Loan Book
    Library of Congress Classification     Medicine Kisii University Library Kisii University Library On Display 12/01/2025 110249   RJ 50 .S56 2018 000000016867 12/01/2025   C.5 12/01/2025 Long Loan Book
    Library of Congress Classification     Medicine Kisii University Library Kisii University Library On Display 12/01/2025 110250   RJ 50 .S56 2018 000000016866 12/01/2025   C.6 12/01/2025 Long Loan Book